01157nam a2200193Ia 4500001001000000003001000010008004100020040002500061041001300086100002500099245007300124250001100197260005900208300002800267500026000295501011400555520026000669650003400929L235-8018IT-CnALBA170116s9999||||xx |||||||||||||| ||und|| aIT-CnALBAcIT-CnALBA aITALIANO aHENZE CLEMENS, CSSR. 0aANDIAMO A LORETO! NUOVA DIFESA DELL'AUTENTICITÀ DELLA SANTA CASA.  a1a ed. a TORINO - ROMAbMARIETTI EDITORE c1954 [1° Ed.:1954] a188 p. (prefazione: 79) aTRADUZIONE ITALIANA DI L. DE SIMONE. PRESENTAZIONE DI CECCHELLI C. 9 ILLUSTRAZIONI FUORI TESTO. BIBLIOGRAFIA. NAZARETH. TRASLAZIONE SANTA CASA. TRADIZIONE SECOLARE. STRUTTURA DELLA SANTA CASA. MIRACOLI AVVENUTI. RIVELAZIONI PRIVATE. FEDE DI SANTI, BEATI,  aSocietà San Paolo EM - Piazza San Paolo, 14 - 12051 ALBA (CN) (non commercial uses only) ® Copyright 2017 aTRADUZIONE ITALIANA DI L. DE SIMONE. PRESENTAZIONE DI CECCHELLI C. 9 ILLUSTRAZIONI FUORI TESTO. BIBLIOGRAFIA. NAZARETH. TRASLAZIONE SANTA CASA. TRADIZIONE SECOLARE. STRUTTURA DELLA SANTA CASA. MIRACOLI AVVENUTI. RIVELAZIONI PRIVATE. FEDE DI SANTI, BEATI,  aMARIA SS. ANGELI SANTI DEMONI